000 01124cam a2200265La 4500
001 realtimeinterrup00hoga
003 CaSfIA
005 20210118214248.0
007 cr||||
008 950101s1995 nyu 000 0 eng d
040 _aNz
_cNZPOP
_dCaSfIA
020 _a0553574450
020 _a9780553574456
035 _a(OCoLC)240626792
100 1 _aHogan, James P.
245 1 0 _aRealtime interrupt
_h[electronic resource]
_cJames P. Hogan.
260 _aNew York :
_bBantam Books,
_c1995.
300 _a320 p. ;
_c18 cm.
029 0 _aNZ1
_b12383023
856 4 1 _uhttp://www.archive.org/details/realtimeinterrup00hoga
_zFree eBook from the Internet Archive
856 4 2 _uhttp://www.openlibrary.org/books/OL24399329M
_zAdditional information and access via Open Library
942 _cEB
506 _fНеобхідна авторизація на https://archive.org/ (створення облікового запису безкоштовно)
506 _fНеобхідна авторизація на https://openlibrary.org/ (створення облікового запису безкоштовно)
999 _c542260
_d542260